000 00267nam a22001217a 4500
008 171124b xxu||||| |||| 00| 0 eng d
041 _aeng
080 _a721
100 _a41
101 _aNDE
245 _aPLYWOOD DESIGN & CONSTRUCTION DATA
_cAPA
942 _2udc
_cBK
999 _c38458
_d38458